Detalles MARC
| 000 -LEADER |
| fixed length control field |
01545cam a2200313 i 4500 |
| 001 - CONTROL NUMBER |
| control field |
59951 |
| 003 - CONTROL NUMBER IDENTIFIER |
| control field |
Mx-PuUPA |
| 005 - DATE AND TIME OF LATEST TRANSACTION |
| control field |
20240913112742.0 |
| 008 - FIXED-LENGTH DATA ELEMENTS--GENERAL INFORMATION |
| fixed length control field |
140415s2021 mx gr 000 0 spa d |
| 020 ## - INTERNATIONAL STANDARD BOOK NUMBER |
| International Standard Book Number |
9786073804332 |
| 040 ## - CATALOGING SOURCE |
| Transcribing agency |
Mx-PuUPA |
| Original cataloging agency |
Mx-PuUPA |
| Language of cataloging |
spa |
| Modifying agency |
Mx-PuUPA |
| Description conventions |
rda |
| 041 0# - LANGUAGE CODE |
| Language code of text/sound track or separate title |
spa |
| 100 1# - MAIN ENTRY--PERSONAL NAME |
| Personal name |
Vallejo, Irene, |
| Relator term |
autor |
| 245 10 - TITLE STATEMENT |
| Title |
El infinito en un junco : |
| Remainder of title |
la invención de los libros en el mundo antiguo / |
| Statement of responsibility, etc. |
Irene Vallejo |
| 250 ## - EDITION STATEMENT |
| Edition statement |
Primera edición |
| 264 #1 - PRODUCTION, PUBLICATION, DISTRIBUTION, MANUFACTURE, AND COPYRIGHT NOTICE |
| Place of production, publication, distribution, manufacture |
Ciudad de México : |
| Name of producer, publisher, distributor, manufacturer |
Debols!llo, |
| Date of production, publication, distribution, manufacture, or copyright notice |
2021 |
| 300 ## - PHYSICAL DESCRIPTION |
| Extent |
451 páginas ; |
| Dimensions |
21 cm |
| 336 ## - CONTENT TYPE |
| Fuente |
rdacontent |
| Content type term |
texto |
| Content type code |
txt |
| 337 ## - MEDIA TYPE |
| Source |
rdamedia |
| Media type term |
sin medio |
| Media type code |
n |
| 338 ## - CARRIER TYPE |
| Source |
rdacarrier |
| Carrier type term |
volumen |
| Carrier type code |
nc |
| 490 0# - SERIES STATEMENT |
| Series statement |
Ensayo |
| 500 ## - GENERAL NOTE |
| General note |
"La invención de los libros en el mundo antiguo". -- Cubierta. |
| 545 1# - BIOGRAPHICAL OR HISTORICAL DATA |
| Biographical or historical data |
Reimpresiones: (Primera, junio, 2021) ; (Segunda, julio, 2021) ;(Tercera, julio, 2021) ;(Cuarta, octubre, 2021) ;(Quinta, noviembre, 2021) ;(Sexta, diciembre, 2021) ;(Séptima, marzo, 2022) ;(Octava, marzo, 2022) ;(Novena, mayo, 2022) ;(Décima, junio, 2022) ;(Undécima, agosto, 2022) ;(Décima segunda, septiembre, 2022) ;(Décima tercera, noviembre, 2022) ;(Décima cuarta, marzo, 2023) ; (Décima quinta, mayo, 2023) ;(Décima sexta, agosto, 2023) ;(Décima séptima, enero, 2024). |
| 650 #7 - SUBJECT ADDED ENTRY--TOPICAL TERM |
| Source of heading or term |
armarc |
| Topical term or geographic name entry element |
Libros |
| General subdivision |
Historia |
| Chronological subdivision |
Hasta 400 |
| 942 ## - ADDED ENTRY ELEMENTS (KOHA) |
| Source of classification or shelving scheme |
Dewey Decimal Classification |
| Koha item type |
Libro |
| Classification part |
002.09 |
| Item part |
V135 |